000 00445nam a2200181Ia 4500
005 20250326130107.0
008 250326s9999 xx 000 0 und d
037 _aTextbook
040 _aFMSL
_beng
_cFMSL
041 _aeng
_2eng
084 _qFMSL
100 _aStein J
_9740101
245 0 _aRandom house dictionary
_cStein J
260 _aDelhi
_bDelhi, Allied
_c1975
300 _a1567p
942 _cTB
999 _c1280884
_d1280884